| 000 | 00329nam a2200121Ia 4500 | ||
|---|---|---|---|
| 008 | 210430s9999 xx 000 0 und d | ||
| 082 | _a515 D245C | ||
| 100 |
_aAnton Howard,Bivens IRL,Davis Stephen _954798 |
||
| 245 |
_aCalculus _cAnton Howard,Bivens IRL,Davis Stephen |
||
| 260 | _c1988 | ||
| 300 | _a1187p. | ||
| 942 |
_cBK _2ddc |
||
| 999 |
_c565547 _d565547 |
||